[Event "Heraklion blitz 5'"]
[Site "Heraklion"]
[Date "2004.11.08"]
[Round "6"]
[White "Ivanchuk, Vassily"]
[Black "Grivas, Efstratios"]
[Result "1/2-1/2"]
[WhiteElo "2715"]
[BlackElo "2520"]
[PlyCount "92"]
[EventDate "2004.11.10"]
[EventType "match (blitz)"]
[EventRounds "10"]
[EventCountry "GRE"]
[SourceTitle "EXT 2008"]
[Source "ChessBase"]
[SourceDate "2007.11.25"]
[SourceVersion "1"]
[SourceVersionDate "2007.11.25"]
[SourceQuality "1"]

1. e4 c5 2. Nf3 Nc6 3. d4 cxd4 4. Nxd4 Qb6 5. Nb5 Nf6 6. Be3 Qd8 7. N1c3 a6 8.
Nd4 e5 9. Nde2 Bb4 10. a3 Ba5 11. b4 Bb6 12. Bxb6 Qxb6 13. Qd6 Qa7 14. g3 Ng4
15. Nd1 Qb8 16. Qd2 O-O 17. Bg2 b5 18. O-O d6 19. h3 Nf6 20. Ne3 Be6 21. Rad1
Rd8 22. f4 a5 23. Kh2 axb4 24. axb4 Ra2 25. f5 Bc4 26. Nxc4 bxc4 27. b5 Qxb5
28. Nc3 Qa5 29. Nxa2 Qxa2 30. c3 Qa7 31. g4 h6 32. Bf3 Ne7 33. g5 hxg5 34. Qxg5
Kf8 35. Rd2 Neg8 36. Rg2 Ke7 37. Qxg7 Qe3 38. Qg5 Qxc3 39. h4 Qd3 40. Rff2 c3
41. h5 c2 42. Rxc2 Qxf3 43. Rc7+ Rd7 44. Rc8 Qxh5+ 45. Qxh5 Nxh5 46. Rgxg8 Nf6
$138 1/2-1/2

[Event "Heraklion blitz 5'"]
[Site "Heraklion"]
[Date "2004.11.08"]
[Round "7"]
[White "Grivas, Efstratios"]
[Black "Ivanchuk, Vassily"]
[Result "0-1"]
[WhiteElo "2520"]
[BlackElo "2715"]
[PlyCount "66"]
[EventDate "2004.11.10"]
[EventType "match (blitz)"]
[EventRounds "10"]
[EventCountry "GRE"]
[SourceTitle "EXT 2008"]
[Source "ChessBase"]
[SourceDate "2007.11.25"]
[SourceVersion "1"]
[SourceVersionDate "2007.11.25"]
[SourceQuality "1"]

1. d4 Nf6 2. c4 e6 3. Nf3 b6 4. g3 Ba6 5. Qb3 c6 6. Bg5 d5 7. cxd5 cxd5 8. e3
Bxf1 9. Kxf1 Be7 10. Kg2 O-O 11. Nc3 Nc6 12. Rhc1 Qd7 13. Qa4 Rfc8 14. Ne5 Nxe5
15. dxe5 Rxc3 16. Qxd7 Nxd7 17. Bxe7 Rxc1 18. Rxc1 Nxe5 19. Rc7 h5 20. b3 a6
21. h3 b5 22. Bc5 Nd3 23. Bd4 e5 24. Bc3 a5 25. f4 d4 26. Bd2 dxe3 27. Bxe3
exf4 28. gxf4 Nb4 29. Rb7 Nd5 30. Kf3 b4 31. Bd4 Rd8 32. Bb2 Nc3 33. Ra7 Rd3+
0-1

[Event "Heraklion blitz 5'"]
[Site "Heraklion"]
[Date "2004.11.08"]
[Round "8"]
[White "Ivanchuk, Vassily"]
[Black "Grivas, Efstratios"]
[Result "1-0"]
[WhiteElo "2715"]
[BlackElo "2520"]
[PlyCount "61"]
[EventDate "2004.11.10"]
[EventType "match (blitz)"]
[EventRounds "10"]
[EventCountry "GRE"]
[SourceTitle "EXT 2008"]
[Source "ChessBase"]
[SourceDate "2007.11.25"]
[SourceVersion "1"]
[SourceVersionDate "2007.11.25"]
[SourceQuality "1"]

1. e4 c5 2. Nf3 Nc6 3. d4 cxd4 4. Nxd4 Qb6 5. Nb5 Nf6 6. Be3 Qd8 7. N1c3 a6 8.
Nd4 e5 9. Nxc6 bxc6 10. Bc4 Be7 11. O-O d6 12. Qe2 O-O 13. Rfd1 a5 14. Na4 Rb8
15. f3 Qc7 16. b3 Bd7 17. Nc3 Be6 18. Rd2 Bxc4 19. Qxc4 Rb4 20. Qe2 h6 21. Rad1
Re8 22. Kh1 Bf8 23. Bf2 Nd7 24. Na4 Rbb8 25. c4 Nf6 26. Bh4 g5 27. Bf2 Nh5 28.
Be3 Ng7 29. c5 dxc5 30. Nxc5 Rbd8 31. Nd7 1-0

[Event "Heraklion blitz 5'"]
[Site "Heraklion"]
[Date "2004.11.08"]
[Round "9"]
[White "Grivas, Efstratios"]
[Black "Ivanchuk, Vassily"]
[Result "1-0"]
[WhiteElo "2520"]
[BlackElo "2715"]
[PlyCount "105"]
[EventDate "2004.11.10"]
[EventType "match (blitz)"]
[EventRounds "10"]
[EventCountry "GRE"]
[SourceTitle "EXT 2008"]
[Source "ChessBase"]
[SourceDate "2007.11.25"]
[SourceVersion "1"]
[SourceVersionDate "2007.11.25"]
[SourceQuality "1"]

1. d4 d5 2. c4 c6 3. Nc3 e6 4. e3 f5 5. Nf3 Nf6 6. Ne5 Nbd7 7. f4 Be7 8. Bd3
Nxe5 9. fxe5 Ne4 10. O-O O-O 11. Bd2 Nxd2 12. Qxd2 Bd7 13. c5 b5 14. a4 b4 15.
Na2 a5 16. Rf2 Qc7 17. b3 Rf7 18. Raf1 Raf8 19. Nc1 Qd8 20. Be2 g5 21. Nd3 Rg7
22. g4 Kh8 23. Kh1 h6 24. Ne1 Rgf7 25. gxf5 Rxf5 26. Rxf5 exf5 27. Bd3 Be6 28.
Qc2 Qd7 29. Rf2 Kg7 30. Nf3 f4 31. Qd2 Bg4 32. Ng1 fxe3 33. Qxe3 Qc8 34. Rxf8
Qxf8 35. Kg2 Be6 36. Ne2 Qf7 37. Ng3 h5 38. Qf2 h4 39. Nf5+ Kf8 40. Qf3 Bd8 41.
Nd6 Qxf3+ 42. Kxf3 g4+ 43. Kf4 Be7 44. Bf5 g3 45. hxg3 h3 46. Kf3 Bxd6 47. Bxe6
h2 48. Kg2 Be7 49. Bd7 Bg5 50. Bxc6 Be3 51. Bxd5 Bxd4 52. c6 Bxe5 53. Kxh2 $138
1-0

[Event "Heraklion blitz 5'"]
[Site "Heraklion"]
[Date "2004.11.08"]
[Round "10"]
[White "Ivanchuk, Vassily"]
[Black "Grivas, Efstratios"]
[Result "1-0"]
[WhiteElo "2715"]
[BlackElo "2520"]
[PlyCount "95"]
[EventDate "2004.11.10"]
[EventType "match (blitz)"]
[EventRounds "10"]
[EventCountry "GRE"]
[SourceTitle "EXT 2008"]
[Source "ChessBase"]
[SourceDate "2007.11.25"]
[SourceVersion "1"]
[SourceVersionDate "2007.11.25"]
[SourceQuality "1"]

1. e4 c5 2. Nf3 Nc6 3. d4 cxd4 4. Nxd4 Qb6 5. Nb5 Nf6 6. Be3 Qd8 7. N1c3 a6 8.
Nd4 e5 9. Nf3 Bb4 10. Bc4 O-O 11. Qd3 Qc7 12. O-O Bxc3 13. bxc3 Na5 14. Bb3 d6
15. Rad1 Bg4 16. Bg5 Ne8 17. h3 Be6 18. Nh4 Rc8 19. Nf5 Bxb3 20. Ne7+ Kh8 21.
axb3 Rb8 22. Nd5 Qd7 23. f4 f6 24. Bh4 Nc6 25. f5 Ne7 26. Ne3 Qc6 27. Bf2 Rd8
28. c4 Nc7 29. Rd2 b5 30. Rfd1 Rd7 31. g4 Rfd8 32. h4 bxc4 33. Qxc4 Qb7 34. g5
d5 35. Qe2 Qc6 36. Ng4 dxe4 37. gxf6 gxf6 38. Rxd7 Rxd7 39. Rxd7 Qxd7 40. Nxf6
Qxf5 41. Nxe4 Ncd5 42. Ng3 Qe6 43. Qe4 Nf6 44. Qa8+ Kg7 45. Qb7 Kg6 46. h5+
Nxh5 47. Qe4+ Kh6 48. Be3+ 1-0

[Event "Carlos Torre Wimbledon 17th"]
[Site "Merida"]
[Date "2004.12.20"]
[Round "4.2"]
[White "Graf, Alexander"]
[Black "Ivanchuk, Vassily"]
[Result "0-1"]
[WhiteElo "2646"]
[BlackElo "2705"]
[Annotator "Ftacnik,L"]
[PlyCount "62"]
[EventDate "2004.12.13"]
[EventType "k.o."]
[EventRounds "4"]
[EventCountry "MEX"]
[SourceTitle "CBM 105"]
[Source "ChessBase"]
[SourceDate "2005.04.11"]
[SourceVersion "1"]
[SourceVersionDate "2005.04.11"]
[SourceQuality "1"]

1. d4 Nf6 2. c4 g6 3. f3 d5 4. cxd5 Nxd5 5. e4 Nb6 6. Nc3 Bg7 7. Be3 O-O 8. f4
Nc6 9. Nf3 Bg4 10. e5 $146 {A new concept since lines after 10.d5 were proven
equal for black. Unfortunatelly for white Ivanchuk reacts simply and strongly.}
(10. d5 Na5 11. Bd4 e5 (11... Bxf3 12. gxf3 e5 13. fxe5 Nac4 14. Bxc4 Nxc4 15.
Qe2 Nxe5 16. O-O-O Qh4 17. Rdf1 Rfe8 18. Kb1 Bh6 19. Nb5 Qd8 20. f4 Nc6 21. Bc3
a6 22. dxc6 axb5 23. cxb7 Rb8 24. Qxb5 Rxe4 25. Re1 Rxf4 26. Qe5 {Temirbaev,
S-Malisauskas,V/Uzhgorod 1988/ (33)}) 12. fxe5 (12. Bxe5 Bxe5 13. fxe5 Bxf3 14.
Qxf3 Nac4 15. Bxc4 Nxc4 {1/2-1/2 Musat,A-Gerard,N/Bucharest 2002/}) 12... Qe7
13. Be2 Nac4 14. O-O Bxf3 15. Rxf3 Nxe5 16. Rf2 c6 17. Bxe5 Bxe5 18. Rf3 Bxc3
19. Rxc3 Qxe4 20. Bf3 Qf4 21. Rac1 {1/2-1/2 Sorin,A-Minzer,C/Salta 1995/})
10... Bxf3 $1 11. Qxf3 (11. gxf3 e6 12. Rg1 Qh4+ $15) 11... Nxd4 12. Qe4 (12.
Bxd4 Qxd4 13. Rd1 Qb4 14. Rd2 Rfd8 $15) (12. Qf2 c5 13. Rd1 f6 $15) 12... c5
13. Rd1 Qc7 14. g3 $6 {Graf has missed his chance to play the sensible move 14.
Nb5!? with good compensation for the missing pawn.} (14. Bxd4 cxd4 15. Nb5 Qc5
16. Nxd4 Qb4+ 17. Rd2 Rfc8 $15) (14. Nb5 $5 Nxb5 15. Bxb5 Rad8 16. O-O $11)
14... f5 $1 15. Qg2 (15. exf6 exf6 16. Nb5 Qf7 17. Nxd4 Rfe8 $17) 15... Rfd8
16. Qf2 e6 17. Bg2 (17. Bxd4 cxd4 18. Rxd4 Rxd4 19. Qxd4 Rd8 20. Qf2 Bf8 $17)
17... Nc4 18. Bc1 (18. Bxd4 cxd4 19. Rxd4 Rxd4 20. Qxd4 Rd8 21. Qf2 Bf8 $17)
18... Rd7 19. O-O Rad8 20. b3 Qa5 (20... Na5 21. Be3 Nac6 $15) 21. Na4 $2 {
The move like this is so unnatural, that it is hardly the best one.} (21. Ne2
$1 Nxe2+ 22. Qxe2 Nd2 23. Bxd2 Rxd2 24. Rxd2 Rxd2 25. Qc4 Qb6 26. Rf2 Rd4 $15)
21... Bf8 22. Kh1 b5 23. bxc4 (23. Rd3 Nxe5 24. fxe5 bxa4 $17) 23... Qxa4 24.
cxb5 c4 (24... Qxb5 25. Be3 Qe2 26. Kg1 Qxf2+ 27. Kxf2 $15) 25. Be3 c3 $1 {
Excellent feeling for the position enabled Ivanchuk to judge c passed pawn as
crucial element.} (25... Nxb5 $6 26. Rxd7 Rxd7 27. Bc6 Rd3 28. Bc5 a6 29. Bxf8
Kxf8 30. Qb6 $11) 26. Rd3 (26. Bxd4 Rxd4 27. Rxd4 Rxd4 28. Bf3 (28. Qf3 c2 29.
Qc6 Qc4 30. Qxc4 Rxc4 31. Rc1 Ba3 $19) 28... c2 29. Rc1 Rd1+ $19) 26... Qc4 27.
Rxd4 (27. Rc1 Qxd3 28. Bf1 Qe4+ 29. Bg2 Nf3 30. Bxf3 Qc4 $19) 27... Rxd4 28.
Bxd4 Rxd4 29. Rc1 (29. Qg1 c2 30. Rc1 Bc5 31. Qe1 Ba3 $19) 29... Ba3 {Graf
clearly has no compensation for his suffering.} 30. Bf1 (30. Rc2 Rd1+ $19)
30... Qd5+ 31. Bg2 Rd1+ 0-1

[Event "Capablanca Memorial Elite 40th"]
[Site "Havana"]
[Date "2005.05.19"]
[Round "14"]
[White "Bruzon Batista, Lazaro"]
[Black "Ivanchuk, Vassily"]
[Result "1/2-1/2"]
[WhiteElo "2669"]
[BlackElo "2739"]
[Annotator "Hazai,L"]
[PlyCount "101"]
[EventDate "2005.05.06"]
[EventType "tourn"]
[EventRounds "14"]
[EventCountry "CUB"]
[EventCategory "15"]
[SourceTitle "CBM 107"]
[Source "ChessBase"]
[SourceDate "2005.08.01"]
[SourceVersion "1"]
[SourceVersionDate "2005.08.01"]
[SourceQuality "1"]

1. d4 Nf6 2. Nf3 g6 3. Bg5 Bg7 4. Nbd2 c5 5. e3 (5. Bxf6 {is not so dangerous.}
Bxf6 6. Ne4 Bxd4 $1 {This is the point!} 7. Nxd4 cxd4 8. Qxd4 O-O $13 {-
McDonald-Nunn, Oxford 1998 CBM 69}) (5. c3) 5... Qb6 {Black wants to exploit
the weakness of b2.} (5... O-O {and}) (5... d6 {are the "normal" continuations.
}) 6. Nc4 $6 {In fact White doesn't win a tempo, because the N is stupid on c4.
} (6. Bd3 {sarificing the b2 P for development.} Qxb2 7. O-O (7. Rb1 Qxa2 8.
Bc4 Qa5 9. Rb5 Qd8 10. Rxc5 O-O $13) 7... Qb6 8. Rb1 Qc7 {Black has lost four
tempi for the P. How can White exploit his lead of development?} 9. Bxf6 (9. e4
cxd4 (9... O-O 10. e5 Nd5 11. Ne4 {White's |^ looks impressive.} cxd4 12. c4 (
12. Rb5 $5) 12... dxc3 13. Qb3 e6 14. Nf6+ Nxf6 (14... Bxf6 15. exf6 b6) 15.
exf6 Bh8 16. Rfc1 d6 {(Carr-Formanek, New York 1993)} 17. Rxc3 $13) 10. Nxd4 a6
{/\ d6, Nbd7}) 9... Bxf6 10. Ne4 Bg7 11. Nxc5 {wins back the P in a better
developed position.}) (6. Bxf6 $5 Bxf6 7. Ne4 Qxb2 8. Rb1 (8. Nxf6+ exf6 9.
dxc5 Qc3+ 10. Nd2 Qxc5 11. Bd3 d5 12. O-O O-O $15) 8... Qxa2 9. Nxf6+ exf6 10.
dxc5 Qa5+ 11. Nd2 Qxc5 {Black's P structure is corrupted, but he has a strong
a o^.} 12. Ne4 Qe5 13. f3 O-O 14. Rb5 d5 15. Rxd5 Qe7 $15) 6... Qc7 {The N is
not very well-placed on c4, as we will see it later.} 7. c3 O-O (7... d6 8. Bd3
(8. Be2 O-O {- 7...0-0}) 8... O-O 9. O-O Nbd7 10. Re1 b5 {gaining a vital
tempo.} 11. Ncd2 c4 12. Bc2 Bb7 13. e4 e5 14. d5 h6 15. Be3 Ng4 $132 {F.
Gomez-Slobodjan, Havana 2004}) 8. Be2 d6 9. O-O Nbd7 10. a4 b6 11. h3 Bb7 {
This is the main line, a reversed Reti Opening, but the N is on d2. Here the N
is not better on c4 at all.} 12. Rc1 (12. Nfd2 a6 13. Bf3 b5 $15 {and the N
has to retreat.}) 12... Rac8 13. Re1 Qb8 {/\ a6, Qa8 is the typical Reti setup.
} 14. Bf1 Rfd8 {Why exactlc to d8?} (14... a6 $5) 15. Ncd2 Qa8 $6 {Allowing
a4-a5 is not good from strategical point of view.} (15... a6 16. Qb3 Qa8 $13 {
and Black has an ideal Reti position except the d8 R which belongs to e8.}) 16.
Qb3 (16. b4 cxb4 17. cxb4 Rxc1 18. Qxc1 Rc8 19. Qb2 $11) (16. a5 $142 $5 {
deserved attention corrupting Black's P structure on the <<.} bxa5 17. Qa4 Qb8
18. Rc2 {defending >< b2.} (18. Qxa5 Bxf3 19. Nxf3 Qxb2) 18... Qc7 19. Ra1 $13)
16... Rc7 (16... a6 {against a4-a5 again.}) 17. Rcd1 (17. Bc4 $5) (17. a5 {
was still possible.} bxa5 18. Ra1 Rb8 19. Qc2 $44) 17... Rdc8 18. Bh4 {This
was the last chance for} (18. a5 $5) 18... a6 {Finally Black's setup is
without any flaw.} 19. Bc4 (19. Bxf6 Bxf6 20. e4 cxd4 21. cxd4 e6 $11 {and the
fianchettoed ^^ attack White's P [+].}) 19... e6 20. Bf1 {The B was vulnerable
on c4, for example:} (20. Bg3 $6 cxd4 21. cxd4 (21. exd4 Rxc4 $1 $17) 21... Ne4
$1 22. Nxe4 Bxe4 $15) 20... Bd5 $6 (20... Ne4 {is typical play in the [+].} 21.
Nxe4 Bxe4 22. Nd2 Bd5 {This tempo will be missing later.} 23. c4 Bb7 $13) 21.
Qa3 Bf8 22. Bg3 Qb7 (22... Ne4 23. Nxe4 Bxe4 24. Nd2 {comes with a tempo.}) 23.
Bd3 (23. c4 Bc6 24. b4 {gaining space on the << deserved attention, trying to
punish Black's wait and see strategy.} Bxf3 25. Nxf3 Ne4 26. Bh2 $13) 23... b5
$1 {This is Black's main idea, but it is a bit late.} 24. e4 Bc6 25. axb5 axb5
26. Ra1 {White has no real penetration on the a file.} cxd4 27. Bxd6 (27. cxd4
d5 28. Qa5 dxe4 29. Nxe4 Nxe4 30. Bxc7 Nxf2 31. Kxf2 Rxc7 $44 {and Black has a
strong ^^ and a P for the exchange, the isolani is also weak.}) 27... dxc3 28.
bxc3 Bxd6 29. Qxd6 Qb6 $11 30. Reb1 Qc5 31. Qd4 Ra8 32. Rxa8+ Bxa8 33. Rb3 (33.
Rxb5 Qxc3 $11) 33... e5 34. Qb4 Qxb4 35. cxb4 Rc1+ 36. Kh2 Bc6 37. Ra3 Kf8 $4 (
37... Ne8 38. Ra5 Nd6 $11) 38. Ra5 $16 {and from now on there are serious
mistakes, which make the game illegible.} Ke7 39. Bxb5 Bxb5 40. Rxb5 Rc8 41.
Rb7 h6 42. g3 Ne8 43. Kg1 Nd6 44. Ra7 Nb5 45. Ra5 Nd6 46. Kf1 Rb8 47. Ra4 f5
48. Ke1 fxe4 49. Nh4 Nb6 50. Nxg6+ Ke6 51. Ra5 1/2-1/2

[Event "EU-ch 6th"]
[Site "Warsaw"]
[Date "2005.06.28"]
[Round "10"]
[White "Ivanchuk, Vassily"]
[Black "Nisipeanu, Liviu Dieter"]
[Result "1/2-1/2"]
[WhiteElo "2739"]
[BlackElo "2670"]
[Annotator "Stohl,I"]
[PlyCount "101"]
[EventDate "2005.06.18"]
[EventType "swiss"]
[EventRounds "13"]
[EventCountry "POL"]
[SourceTitle "CBM 108"]
[Source "ChessBase"]
[SourceDate "2005.09.26"]
[SourceVersion "1"]
[SourceVersionDate "2005.09.26"]
[SourceQuality "1"]

1. c4 e6 2. Nc3 c5 3. Nf3 Nf6 4. g3 b6 5. Bg2 Bb7 6. O-O Be7 7. d4 cxd4 8. Qxd4
d6 9. Bg5 a6 10. Rfd1 (10. Bxf6 Bxf6 11. Qf4 {is the more usual continuation,
by creating direct pressure against the קd6 White wants to disrupt the
coordination of Black's forces and exchange the Bb7. However, after} ({the
other alternative is} 11. Qd3 Qc7 12. Rad1 Be7 13. Nd4 Bxg2 14. Kxg2 Nc6 $11)
11... O-O 12. Rfd1 Be7 13. Ne4 Bxe4 14. Qxe4 Ra7 $11 {Anand,V (2785)-Adams,M 
(2737) Sofia Mtel Masters 2005 (5) 1/2 /+/=,^- White's edge is only very
slight and can be neutralized - see 2 recent games by Adams.}) 10... Nbd7 11.
Qd2 ({The direct} 11. Bxf6 Nxf6 12. Na4 Rb8 13. c5 $6 {is dubious due to} dxc5
14. Qe5 Bd5 15. e4 Nxe4 16. Qxg7 Bf6 17. Qh6 Qe7 $1 18. Rac1 Rb7 19. h4 Nd6 20.
g4 Rg8 21. Qf4 Kf8 22. g5 Bh8 23. Nc3 Bxf3 24. Bxf3 Rd7 25. Kf1 Bd4 $17 {
Fancsy,I-Kalesis,N/Budapest/1994/}) 11... O-O (11... Rc8 12. Bf4 {/\} e5 $6 13.
Be3 Bxf3 (13... Rxc4 14. Nxe5 $16) 14. exf3 Rxc4 15. Qe2 b5 16. a4 $36) 12. Bf4
Ne8 13. Rac1 (13. Ng5 Bxg2 14. Kxg2 Rc8 15. b3 Rc6 16. Rac1 h6 17. Nf3 Qa8 $132
18. Kg1 {1/2,Yermolinsky,A-Adams,M/FIDE WCh/2000/}) (13. e4 {leads to typical
Hedgehog positions, resembling the Uhlmann line (e4,Qe3,Nd4) after} Qc7 14.
Rac1 Rc8 (14... Rd8 $143 15. b3 Nc5 16. Qe2 Nf6 17. e5 $1 dxe5 18. Qxe5 Qc8 19.
Qc7 Rd7 20. Qxc8 Rxc8 21. Ne5 $36 {Schmidt,W-Kruszynski,W/Katowice/1992/}) 15.
b3 Ne5 $5 16. Qe2 Nf6 17. Nd4 Rfe8 18. h3 Qb8 19. Be3 Bf8 20. Re1 Ned7 $11 21.
Bg5 $6 h6 22. Bd2 Qa8 23. Kh2 g6 24. f4 Bg7 25. Nf3 Rcd8 26. Rcd1 Nc5 $132 {
Wojtkiewicz,A-Adianto,U/Las Vegas/2000/}) 13... Rc8 ({An approximately
equivalent alternative is} 13... Qc7 14. b3 Rd8 15. Ne1 (15. h4 Ne5 16. Qc2
Nxf3+ 17. Bxf3 Bxf3 18. exf3 h6 19. Rd3 Nf6 20. Rcd1 b5 21. Ne4 Nxe4 22. fxe4
bxc4 23. bxc4 Qc6 $11 {Gritsak,O-Ftacnik,L/Koszalin op/1999/}) 15... Bxg2 16.
Nxg2 Qb7 17. Qe3 (17. a4 Nc5 18. Qc2 a5 19. Be3 (19. e4 $5 {()}) 19... f5 20.
Bxc5 $6 bxc5 21. e4 Bg5 22. Rb1 f4 23. Rd3 Qf7 24. Rf3 Qg6 25. Rd1 Rd7 26. Ne2
Rdf7 $36 {Ftacnik,L-Adianto,U/San Francisco/1991/}) 17... Ndf6 18. Qf3 Rd7 19.
Qxb7 Rxb7 20. a4 h6 21. f3 g5 22. Be3 Nd7 23. Ne1 f5 24. Nc2 Ng7 25. Bf2 Rc8
26. e4 f4 27. Ne2 Nc5 28. Rb1 fxg3 29. Nxg3 Nd7 30. Ne1 Ne5 $11 {Romanishin,
O-Brodsky,M/Kherson/1989/}) 14. b3 Nc5 (14... Rc7 15. Ng5 Bxg2 16. Kxg2 Qa8+
17. Kg1 Ndf6 18. Qd3 Qb7 19. Nge4 Rd7 20. Qf3 Kh8 (20... Nxe4 $142 $11 {/+/=})
21. Rd3 b5 $6 22. Nxf6 gxf6 23. cxb5 axb5 24. e4 $36 {Chuchelov,V-Wukits,R/ECC
Rethymnon/2003/}) (14... h6 15. e4 Qc7 16. h4 Qb8 17. g4 $6 (17. Qe2 $142)
17... Nc5 (17... Ne5 $143 18. g5 hxg5 19. hxg5 g6 20. Nh2 Bc6 21. Be3 $36 {
>>1/2,Badea,B-Ionescu,C/ROM-ch Predeal/1988/}) 18. e5 Qa8 19. exd6 Nxd6 20.
Bxd6 {Georgiev,Kir-Sokolov,A/Leningrad/1987/} Rcd8 $1 21. Qf4 Bxd6 22. Rxd6
Rxd6 23. Qxd6 Bxf3 24. Qg3 Bxg2 25. Qxg2 Qd8 $15) 15. Ng5 Bxg2 16. Kxg2 h6 17.
Nge4 Nb7 $5 $146 {[%cal Rf7f5][%mdl 40] /\f5-+ Typical Hedgehog strategy.
Black doesn't want to exchange too many pieces, which can sometimes complicate
the defence of his b6- and d6-pawns. Instead, he leaves White's N exposed in
the centre.} (17... Nxe4 18. Nxe4 Rc6 19. f3 Qc8 20. g4 (20. a4 $142 $5 f5 21.
Nf2) 20... b5 21. cxb5 axb5 22. Qa5 Rxc1 23. Rxc1 Qb7 24. Be3 f5 25. gxf5 Rxf5
26. Qb6 Qxb6 27. Bxb6 b4 $11 {Beckhuis,G-Schulze,U/BL2S 0102/2001/}) 18. Qd3 {
[%mdl 512] Ivanchuk decides to sacrifice a piece to lure Black out from his
defensive bastions, but objectively it gives White nothing.} (18. f3 Qc7 {
/\Qc6~~}) (18. g4 $5) 18... f5 19. Nd2 g5 $5 {Nisipeanu accepts the challenge,
but he was by no means forced to do so.} ({After} 19... Nc5 20. Qf3 (20. Qc2
Bf6 21. b4 Nd7 $13) 20... g5 21. Be3 {he can already repeat moves with} (21. b4
gxf4 22. bxc5 Rxc5 23. gxf4 Kh7 $13 {/=/+}) 21... g4 22. Qf4 Bg5 23. Qd4 Bf6
$11) 20. Be3 f4 $1 ({Consistent, after} 20... Qc7 21. f3 Nc5 22. Qc2 {[%csl
Rf5,Rg5,Rh6] Black must always think about his shaky >>.}) 21. Bd4 (21. Qe4
fxe3 22. Qxe6+ Kg7 23. Qxe3 Nf6 $15) (21. Qg6+ Ng7 22. Bd4 e5 {-21.Bd4}) 21...
e5 22. Bxb6 Qxb6 23. Nd5 Qd8 24. Qg6+ Ng7 25. Qxh6 {White has 2P for the B and
chances to harass Black's K, but after the following move it transpires his Q
is isolated and he can't well avoid an _|_.} (25. Ne4 Nc5 $5 26. Nxc5 dxc5 27.
Qxh6 (27. Nf6+ Rxf6 28. Rxd8+ Rxd8 $15) 27... Qd6 28. Qh3 e4 $15) 25... Kf7 $1
(25... Nc5 26. b4 $44 {[%cal Yd2e4] /\Ne4|^}) 26. Qh3 Nc5 (26... Rh8 27. Qg4
Nc5 {would probably only transpose into the game after} 28. b4 Qd7) 27. b4 Rh8
28. Qg4 Qd7 $1 29. h3 $5 {White doesn't want to let Black activate his Ng7
after} (29. Qxd7 Nxd7 30. Ne4 Nf5 $5 {/\} 31. Nxe7 Kxe7 32. Nxg5 Rcg8 $36)
29... Qxg4 30. hxg4 Na4 (30... Nce6 $142 $5 {[%cal Ye6d4,Yg7e8,Ye8c7] /\Nd4,
Ne8-c7=/+}) 31. Rh1 Ke6 32. Rxh8 Rxh8 33. Rb1 $1 {[%cal Rb1b3,Rb3a3] /
\Rb3-a3<=>} Bd8 34. Ne4 $44 Nb6 (34... Kd7 35. Rb3 Nb6 36. Nxb6+ Bxb6 37. Nxg5
Rc8 38. Rc3 $13) 35. Nxb6 Bxb6 36. Nxg5+ Ke7 37. c5 $1 Bc7 (37... dxc5 $143 $6
38. bxc5 $36 Bxc5 $2 39. Rb7+ Kf8 (39... Kf6 40. Ne4+ $18) 40. Rb8+ Ne8 41.
Ne6+ $18) 38. gxf4 exf4 39. cxd6+ Bxd6 40. b5 a5 {Black still tries to keep
some P on the board, but his chances for an edge are gone.} (40... axb5 41.
Rxb5 Ne6 $11) 41. b6 Ne6 42. Nxe6 Kxe6 43. Rb5 a4 44. b7 a3 45. g5 Kd7 46. Rb3
Kc6 (46... Kc7 47. g6 Kb8 48. Rd3 $1 $11) 47. g6 Rg8 48. Kf3 $11 {[%csl Ra3]
Black can't improve his position without exchanging the Pa3, after that White
even in the worst case always has e3, swapping Black's last P and reaching a
theoretically drawn _|_.} Bb8 49. Rxa3 Kxb7 50. Rb3+ Ka7 {Prudently accepts
the perpetual.} (50... Kc8 $6 51. Rb6 $14) (50... Kc6 51. Rb1 {[%cal Yb1g1] /
\Rg1|^}) 51. Ra3+ 1/2-1/2